| 000 | 00434nam a22001697a 4500 | ||
|---|---|---|---|
| 005 | 20180813171939.0 | ||
| 008 | 160517b xxu||||| |||| 00| 0 eng d | ||
| 020 | _a81-297-0412-9 | ||
| 041 | _aeng | ||
| 082 |
_b2532 _a658.4 |
||
| 100 |
_aGareth R. Jones and Jones Mathew _94799 |
||
| 245 | _aOrganizational Theory Design and Change | ||
| 260 |
_bPearsons _c2004 _adelhi |
||
| 300 | _a578p, | ||
| 650 |
_aManagement _9241 |
||
| 942 | _cBK | ||
| 999 |
_c929 _d929 |
||